Normal view
MARC view
- Freeberg, J.
Entry Personal Name
001 - CONTROL NUMBER
- control field: 45381
003 - CONTROL NUMBER IDENTIFIER
- control field: OSt
005 - DATE AND TIME OF LATEST TRANSACTION
- control field: 20220603161538.0
008 - FIXED-LENGTH DATA ELEMENTS
- fixed length control field: 220603|| aca||aabn | a|a d
040 ## - CATALOGING SOURCE
- Original cataloging agency: OSt
- Transcribing agency: OSt
100 ## - HEADING--PERSONAL NAME
- Personal name: Freeberg, J.
- Relator term: Author.
670 ## - SOURCE DATA FOUND
- Source citation: Work cat.: (OSt): Spaulding, David. 45379, Marriage equality in New York and beyond:, ©2012.
